[Event "Chigorin Memorial 2016"]
[Site "St Petersburg RUS"]
[Date "2016.10.19"]
[Round "5.76"]
[White "Utiatskaja, Irina"]
[Black "Chashchev, Sergey"]
[Result "1/2-1/2"]
[WhiteTitle "WIM"]
[BlackTitle "IM"]
[WhiteElo "2123"]
[BlackElo "2349"]
[WhiteFideId "24140848"]
[BlackFideId "4134516"]
[EventDate "2016.10.15"]

1. e4 c5 2. Nf3 e6 3. d4 cxd4 4. Nxd4 a6 5. Bd3 Nf6 6. O-O d6 7. c4 Be7 8. Nc3
O-O 9. Qe2 Qc7 10. Bd2 Nbd7 11. b3 b6 12. Rae1 Bb7 13. Kh1 Rfe8 14. f4 Bf8 15.
e5 dxe5 16. fxe5 Qxe5 17. Qxe5 Nxe5 18. Rxe5 Rad8 19. Nce2 Bc5 20. Bc3 Ng4 21.
Rg5 Bxg2+ 22. Kxg2 Ne3+ 23. Kf2 Nxf1 24. Kxf1 e5 25. Rh5 g6 26. Rh3 Bxd4 27.
Nxd4 exd4 28. Bd2 Rd6 29. b4 a5 30. bxa5 bxa5 31. Rh4 Rb8 32. Bf4 Rf6 33. Kg1
Rb2 34. Bh6 Re6 35. Kf1 Rf6+ 36. Kg1 Re6 37. Kf1 Rf6+ 38. Ke1 Rxa2 39. Rxd4 Re6+
40. Kd1 Re8 41. c5 Rxh2 42. c6 Rh1+ 43. Kd2 Rh2+ 44. Kd1 Rh1+ 45. Kd2 1/2-1/2

[Event "Chigorin Memorial 2016"]
[Site "St Petersburg RUS"]
[Date "2016.10.19"]
[Round "5.77"]
[White "Maltsevskaya, Aleksandra"]
[Black "Baranov, Andrey"]
[Result "1-0"]
[WhiteElo "2319"]
[BlackElo "2121"]
[WhiteFideId "24174041"]
[BlackFideId "4130260"]
[EventDate "2016.10.15"]

1. e4 e6 2. d4 b6 3. c4 Bb7 4. Nc3 Bb4 5. Bd3 f5 6. Qc2 Nf6 7. Bg5 fxe4 8. Bxe4
Bxe4 9. Bxf6 Qxf6 10. Qxe4 Bxc3+ 11. bxc3 O-O 12. Nf3 Nc6 13. O-O Qf5 14. Qe2
Rae8 15. Rfe1 d6 16. c5 dxc5 17. Qb5 Qd5 18. dxc5 a6 19. Qxa6 Qxc5 20. Qa4 Ra8
21. Qh4 Rf6 22. Ng5 Rh6 23. Qg3 Rg6 24. h4 e5 25. h5 Rxg5 26. Qxg5 Rf8 27. Qg3
Rf5 28. Rad1 Qe7 29. Qg4 Qf7 30. h6 g6 31. Qa4 Qe6 32. Qb3 Kf7 33. Rd7+ Ne7 34.
Rxc7 Qxb3 35. axb3 Ke6 36. Rb7 Rg5 37. Rxb6+ Kd5 38. Rb5+ Kd6 39. f4 Rg3 40.
Rbxe5 Nf5 41. Rd1+ Kc6 42. Re6+ Kc7 43. b4 Rxc3 44. b5 Rb3 45. b6+ Kc8 46. Re8+
Kb7 47. Rd7+ Kc6 48. Rxh7 Rxb6 49. Re6+ Nd6 50. Rxg6 1-0

[Event "Chigorin Memorial 2016"]
[Site "St Petersburg RUS"]
[Date "2016.10.19"]
[Round "5.78"]
[White "Veselov, Andrey"]
[Black "Belous, Mikhail"]
[Result "0-1"]
[BlackTitle "FM"]
[WhiteElo "2122"]
[BlackElo "2314"]
[WhiteFideId "24150126"]
[BlackFideId "14127555"]
[EventDate "2016.10.15"]

1. e4 c5 2. Nf3 d6 3. d4 cxd4 4. Nxd4 Nf6 5. Nc3 a6 6. Be3 e5 7. Nb3 Be6 8. f3
Nbd7 9. Qd2 b5 10. g4 Nb6 11. g5 Nfd7 12. f4 exf4 13. Bxf4 Ne5 14. O-O-O Rc8 15.
Qg2 Nbc4 16. Bxc4 Nxc4 17. Nd5 Be7 18. Rd3 O-O 19. Rhd1 Re8 20. h4 a5 21. Nd4
Bxd5 22. exd5 Qd7 23. h5 a4 24. a3 Ne5 25. Rg3 Rc4 26. g6 fxg6 27. Ne6 Bf6 28.
hxg6 Nxg6 29. Bg5 Be5 30. Rf3 Rec8 31. Rf2 b4 32. Qf3 bxa3 33. Qxa3 Qb7 34. Be3
Rb8 35. c3 Rbc8 36. Rc2 Ne7 37. Bd4 Bxd4 38. Rxd4 Rxd4 39. Nxd4 Qxd5 40. Qxa4
Ra8 41. Qb3 Qxb3 42. Nxb3 g5 43. Rd2 d5 44. Nc5 Kf7 45. b4 g4 46. b5 Rc8 47. Na4
g3 48. b6 Rb8 49. Kd1 h5 50. Ke2 h4 51. Kf3 Ke6 52. Kg4 Rg8+ 53. Kh3 Ng6 54. b7
Nf4+ 55. Kxh4 Kf5 0-1

[Event "Chigorin Memorial 2016"]
[Site "St Petersburg RUS"]
[Date "2016.10.19"]
[Round "5.79"]
[White "Askerov, Marat"]
[Black "Yeritsyan, Aram"]
[Result "1/2-1/2"]
[WhiteTitle "FM"]
[WhiteElo "2299"]
[BlackElo "2114"]
[WhiteFideId "24175200"]
[BlackFideId "34161047"]
[EventDate "2016.10.15"]

1. d4 Nf6 2. c4 e6 3. Nf3 b6 4. g3 Ba6 5. Qb3 Nc6 6. Nbd2 Na5 7. Qa4 Bb7 8. Bg2
c5 9. dxc5 bxc5 10. O-O Be7 11. Re1 Nc6 12. Ne5 Qc7 13. Nxc6 Bxc6 14. Bxc6 Qxc6
15. Qxc6 dxc6 16. Nb1 Ne4 17. f3 Nd6 18. Na3 Bf6 19. Rb1 Rb8 20. Bf4 Ke7 21. b3
Rbd8 22. Nc2 Bc3 23. Red1 e5 24. Be3 Bd4 25. Bf2 Bxf2+ 26. Kxf2 Nb7 27. Ne1 Rxd1
28. Rxd1 a5 29. Nd3 Ke6 30. g4 f6 31. h4 Ke7 32. Ke3 Rd8 33. Rg1 Rd4 34. h5 h6
35. Rf1 Rd7 36. f4 exf4+ 37. Rxf4 Kd6 38. Rf5 Re7+ 39. Kf3 Re6 40. e3 Re7 41.
Kf4 Re6 42. Nf2 Kc7 43. Kf3 Kb6 44. Nd3 Re7 45. Nb2 Kc7 46. Na4 Kd6 47. Nc3 Kc7
48. Kf4 Re8 49. Kf3 Re7 50. Na4 Kd6 51. Ke2 Re4 52. Kf3 Re7 53. e4 Re8 54. Ke3
Re7 55. Rf2 Re5 56. Nb2 Rg5 57. Kf4 Nd8 58. Rd2+ Ke7 59. Nd3 Nf7 60. Rg2 Kd6 61.
Rg1 Ne5 62. Nf2 Nf7 63. Rd1+ Ke7 64. a3 Nd8 65. Nh3 Re5 66. Ke3 Ne6 67. Nf2 Ng5
68. Rb1 Kd6 69. Rd1+ Ke7 70. Rd2 Re6 71. Rb2 Kd6 72. b4 cxb4 73. axb4 axb4 74.
Rxb4 Re7 75. Ra4 Ne6 76. Ra5 Nc5 77. Ra8 Rb7 78. Rd8+ Kc7 79. Rg8 Kd6 80. Kf4
Rb3 81. Rd8+ Ke7 82. Rd2 Kf7 83. e5 Rc3 84. exf6 Kxf6 85. Rd6+ Ne6+ 86. Ke4
Rxc4+ 87. Kd3 Rf4 88. Ke3 Rc4 89. Kd3 Rc1 90. Kd2 Rc4 1/2-1/2

[Event "Chigorin Memorial 2016"]
[Site "St Petersburg RUS"]
[Date "2016.10.19"]
[Round "5.80"]
[White "Enkhbat, Tsendragchaa"]
[Black "Tran, Minh Thang"]
[Result "0-1"]
[BlackTitle "FM"]
[WhiteElo "2113"]
[BlackElo "2293"]
[WhiteFideId "4900243"]
[BlackFideId "12401080"]
[EventDate "2016.10.15"]

1. e4 c5 2. Nf3 e6 3. d4 cxd4 4. Nxd4 a6 5. Nc3 d6 6. Be2 b5 7. f4 Bb7 8. Bf3
Nd7 9. a3 Ngf6 10. O-O Be7 11. e5 Bxf3 12. Qxf3 dxe5 13. Nc6 Qb6+ 14. Kh1 e4 15.
Nxe4 Nxe4 16. Qxe4 Qb7 17. Qf3 Rc8 18. Nxe7 Qxf3 19. Rxf3 Rxc2 20. Nf5 exf5 21.
Re3+ Kd8 22. Rd3 Re8 23. Be3 Kc7 24. Rad1 Nf6 25. Bd4 Ne4 26. Kg1 f6 27. b3 Re7
28. a4 b4 29. a5 Kc6 30. Bb6 Nc3 31. Bd8 Ree2 0-1

[Event "Chigorin Memorial 2016"]
[Site "St Petersburg RUS"]
[Date "2016.10.19"]
[Round "5.81"]
[White "Aseev, Vladimir"]
[Black "Paszewski, Mateusz"]
[Result "0-1"]
[WhiteElo "2087"]
[BlackElo "2291"]
[WhiteFideId "24121371"]
[BlackFideId "1141058"]
[EventDate "2016.10.15"]

1. d4 Nf6 2. c4 e6 3. Nc3 d5 4. cxd5 exd5 5. Bg5 c6 6. e3 Be7 7. Bd3 Nbd7 8. Qc2
Nh5 9. Bxe7 Qxe7 10. Nge2 g6 11. O-O-O Nb6 12. h3 Ng7 13. g4 Be6 14. Ng3 O-O-O
15. Kb1 h5 16. f3 Kb8 17. Rde1 Bc8 18. Qc1 Qf6 19. Nce2 h4 20. Nf1 Qxf3 21. Nh2
Qf6 22. Ref1 Qe7 23. Nf4 Rde8 24. Re1 g5 25. Ng2 f5 26. gxf5 Bxf5 27. Bxf5 Nxf5
28. Rhf1 Ng3 29. Rf2 Rhf8 30. Rxf8 Rxf8 31. Ng4 Nc4 32. Qc2 Qe4 33. Qxe4 Nd2+
34. Kc1 Ndxe4 35. Rd1 Nf2 36. Ne5 Kc7 37. Re1 Nxh3 38. e4 Nxe4 39. Ne3 Nf4 40.
Kc2 Ne6 41. Kd3 Rf2 0-1

[Event "Chigorin Memorial 2016"]
[Site "St Petersburg RUS"]
[Date "2016.10.19"]
[Round "5.82"]
[White "Lavrinovitsh, Denis"]
[Black "Leontiev, Aleksandr V."]
[Result "0-1"]
[BlackTitle "IM"]
[WhiteElo "2081"]
[BlackElo "2285"]
[WhiteFideId "24155080"]
[BlackFideId "4122968"]
[EventDate "2016.10.15"]

1. e4 c5 2. c4 e6 3. Nc3 Nc6 4. g3 Nf6 5. Bg2 d5 6. cxd5 exd5 7. exd5 Nb4 8. d3
Be7 9. Nge2 O-O 10. O-O Bf5 11. Be4 Qd7 12. Nf4 g5 13. d6 Bd8 14. Nfd5 Nbxd5 15.
Nxd5 Nxe4 16. dxe4 Bxe4 17. Ne7+ Bxe7 18. dxe7 Qxe7 19. Re1 Rfe8 20. Qg4 h6 21.
Bd2 Qe6 22. Qxe6 Rxe6 23. Be3 b6 24. Rad1 Bc6 25. h3 Kh7 26. Bd2 Rd8 27. Be3
Red6 28. Rxd6 Rxd6 29. f4 Kg6 30. Kf2 Rd3 31. Ke2 Bb5 32. Kf3 Bc6+ 33. Ke2 Bb5
34. Kf3 c4 35. Rc1 Bc6+ 36. Ke2 Bb5 37. Kf3 Rd7 38. b3 cxb3 39. axb3 Rd3 40. Rb1
Bc6+ 41. Ke2 Bb5 42. Kf3 Rc3 43. Rb2 Bc6+ 44. Ke2 Bd5 45. Ra2 Rc7 46. Rb2 Be6
47. fxg5 hxg5 48. h4 gxh4 49. gxh4 Kh5 50. Bg5 a5 51. Kd3 Rc5 52. Bf6 Rf5 53.
Bg5 f6 54. Be3 Rb5 55. Bd4 f5 56. Re2 Rxb3+ 57. Kc2 Rb4 58. Rxe6 Rxd4 59. Rxb6
Rd5 60. Kc3 f4 61. Rf6 Kg4 62. Rg6+ Kxh4 0-1

[Event "Chigorin Memorial 2016"]
[Site "St Petersburg RUS"]
[Date "2016.10.19"]
[Round "5.83"]
[White "Khakimov, Timur"]
[Black "Myshkovskiy, Sviatoslav"]
[Result "1-0"]
[WhiteTitle "IM"]
[WhiteElo "2281"]
[BlackElo "2093"]
[WhiteFideId "4169115"]
[BlackFideId "4110536"]
[EventDate "2016.10.15"]

1. e4 c5 2. Nf3 Nc6 3. Bb5 e6 4. Nc3 Nge7 5. O-O a6 6. Bxc6 Nxc6 7. d4 cxd4 8.
Nxd4 d6 9. Re1 Be7 10. Nxc6 bxc6 11. Qg4 O-O 12. e5 dxe5 13. Bh6 Bf6 14. Rad1
Qe7 15. Ne4 Kh8 16. Be3 Qc7 17. Nxf6 gxf6 18. Qh4 Qe7 19. Bc5 Qxc5 20. Qxf6+ Kg8
21. Rxe5 Qxe5 22. Qxe5 f6 23. Qc7 e5 24. Rd8 Bf5 25. Rxa8 Rxa8 26. Qxc6 Rd8 27.
h3 Kg7 28. Qxa6 Rd1+ 29. Kh2 Rd2 30. Qa7+ Kg6 31. Qe3 Rd4 32. c3 Rd3 33. Qe2 Kf7
34. a4 Rd6 35. a5 Bd3 36. Qd2 Ke6 37. b4 e4 38. Qb2 Kd7 39. b5 Kc7 40. c4 Re6
41. c5 Re8 42. Qxf6 1-0

[Event "Chigorin Memorial 2016"]
[Site "St Petersburg RUS"]
[Date "2016.10.19"]
[Round "5.84"]
[White "Danielyan, Vahe"]
[Black "Nasibullin, Iskander"]
[Result "1/2-1/2"]
[WhiteTitle "FM"]
[WhiteElo "2270"]
[BlackElo "2085"]
[WhiteFideId "13304828"]
[BlackFideId "34124273"]
[EventDate "2016.10.15"]

1. e4 c5 2. Nc3 e6 3. Nf3 Nc6 4. g3 d5 5. exd5 exd5 6. d4 Nf6 7. Bg2 Be7 8. dxc5
Bxc5 9. O-O O-O 10. Bg5 d4 11. Ne2 Bg4 12. h3 Bxf3 13. Bxf3 Ne5 14. Bg2 h6 15.
Bf4 Re8 16. c3 dxc3 17. Nxc3 Nd3 18. Qf3 Nxf4 19. Qxf4 Bd6 20. Qc4 Qe7 21. Rad1
Rac8 22. Qb3 b6 23. Nb5 Bc5 24. Nd4 a5 25. Kh2 h5 26. Rd3 g6 27. a3 Ne4 28. Re1
Qf6 29. Rf3 Qg7 30. Rf4 Nd6 31. Rd1 g5 32. Nf5 Qg6 33. Nxd6 gxf4 34. Nxc8 fxg3+
35. fxg3 Rxc8 36. Qd5 Re8 37. b4 axb4 38. axb4 Bf8 39. Rd3 Re2 40. h4 Qe6 41.
Qxh5 Be7 42. Rd4 Bf6 43. Rf4 Rb2 44. Qf3 Bg7 45. Rg4 Kh8 46. h5 Rf2 47. Qxf2
Qxg4 48. Qxf7 Qxb4 49. Qg6 Qd2 50. Qe8+ Kh7 51. Kh3 Qg5 52. Be4+ Kh6 53. Qe6+
Qf6 54. Qd5 Qe5 55. Qc6+ Qf6 56. Qe8 Qf1+ 57. Kh2 Qf6 58. Kh3 Qf1+ 59. Bg2 Qf5+
60. g4 Qd3+ 1/2-1/2

[Event "Chigorin Memorial 2016"]
[Site "St Petersburg RUS"]
[Date "2016.10.19"]
[Round "5.85"]
[White "Ageichenko, Genadi A"]
[Black "Protopopova, Anastasiya"]
[Result "1-0"]
[WhiteTitle "IM"]
[BlackTitle "WFM"]
[WhiteElo "2261"]
[BlackElo "2082"]
[WhiteFideId "4105222"]
[BlackFideId "24172073"]
[EventDate "2016.10.15"]

1. Nf3 Nf6 2. c4 e6 3. g3 d5 4. Bg2 dxc4 5. Qa4+ Nbd7 6. O-O c5 7. Qxc4 b6 8. d4
Bb7 9. Nc3 Rc8 10. Bg5 cxd4 11. Qxd4 Bc5 12. Qh4 O-O 13. Rad1 Qe8 14. e4 h6 15.
Bf4 e5 16. Bxh6 gxh6 17. Qxh6 Nh7 18. Ng5 Nxg5 19. Qxg5+ Kh8 20. Bh3 f5 21. Bxf5
Rxf5 22. Qxf5 Nf8 23. Nd5 Rc6 24. Nf6 Qe7 25. Qh5+ Kg7 26. Nd5 Qe6 27. b4 Bd4
28. Rd3 Qg6 29. Qf3 Qf7 30. Qd1 Nh7 31. Rxd4 exd4 32. Qxd4+ Kg8 33. Qe5 Re6 34.
Qf5 Qxf5 35. exf5 Re4 36. Rd1 Ng5 37. Nf6+ Kf7 38. Nxe4 Bxe4 39. Rd7+ Kf6 40.
Rxa7 Nf3+ 41. Kf1 Bd3+ 42. Kg2 Ne1+ 43. Kh3 Bxf5+ 44. g4 Bd3 45. Kg3 Nc2 46. a3
b5 47. h4 Bc4 48. h5 Nd4 49. h6 1-0

[Event "Chigorin Memorial 2016"]
[Site "St Petersburg RUS"]
[Date "2016.10.19"]
[Round "5.86"]
[White "Fukson, Sofija"]
[Black "Guzenko, Artem"]
[Result "1/2-1/2"]
[WhiteElo "2069"]
[BlackElo "2261"]
[WhiteFideId "24133051"]
[BlackFideId "24144460"]
[EventDate "2016.10.15"]

1. d4 e6 2. Bf4 Nf6 3. Nf3 c5 4. e3 d6 5. Nbd2 Qc7 6. h3 Be7 7. c3 O-O 8. Bd3 b6
9. Qe2 Nbd7 10. Bh2 Bb7 11. O-O Rad8 12. a4 Bc6 13. Rfc1 Qb7 14. Ba6 Qa8 15. a5
Ne4 16. Nxe4 Bxe4 17. axb6 Nxb6 18. dxc5 dxc5 19. Rd1 Rd5 20. Bd3 Bxd3 21. Rxd3
c4 22. Rxd5 exd5 23. Nd4 Qb7 24. Qg4 Nd7 25. Ra2 Bf6 26. Qd1 Ra8 27. Qa4 Nc5 28.
Qc6 Qxc6 29. Nxc6 Nd3 30. Bd6 a5 31. Nb4 Nxb4 32. Bxb4 a4 33. Ra1 g5 34. g4 Kg7
35. Kf1 Be5 36. Rd1 Rd8 37. Ke2 Kf6 38. h4 h6 39. hxg5+ hxg5 40. Rh1 Ke6 1/2-1/2

[Event "Chigorin Memorial 2016"]
[Site "St Petersburg RUS"]
[Date "2016.10.19"]
[Round "5.87"]
[White "Volkov, Roman"]
[Black "Kuzmin, Egor"]
[Result "0-1"]
[BlackTitle "FM"]
[WhiteElo "2067"]
[BlackElo "2259"]
[WhiteFideId "34191442"]
[BlackFideId "24101737"]
[EventDate "2016.10.15"]

1. e4 c5 2. Nf3 d6 3. d4 cxd4 4. Nxd4 Nf6 5. Nc3 Nc6 6. Bg5 Bd7 7. Bxf6 gxf6 8.
Nf5 Qa5 9. Ne3 Rc8 10. Be2 Rg8 11. Qd2 Bh6 12. g3 Bxe3 13. Qxe3 Nb4 14. Qd2 f5
15. exf5 Qxf5 16. O-O-O Qa5 17. Kb1 Bf5 18. Bd3 Nxd3 19. cxd3 Rg6 20. Rhe1 Re6
21. f3 b5 22. Rxe6 Bxe6 23. a3 b4 24. axb4 Qxb4 25. Rc1 Qb3 26. Qc2 Qb4 27. Qa4+
Qxa4 28. Nxa4 Ba2+ 29. Kxa2 Rxc1 30. Nc3 Kd7 31. Kb3 Rh1 32. h4 Rg1 33. Ne4 f5 0-1

[Event "Chigorin Memorial 2016"]
[Site "St Petersburg RUS"]
[Date "2016.10.19"]
[Round "5.88"]
[White "Tsapalin, Sergey"]
[Black "Polyaninov, Aleksey"]
[Result "0-1"]
[BlackTitle "FM"]
[WhiteElo "2060"]
[BlackElo "2256"]
[WhiteFideId "4107071"]
[BlackFideId "4118499"]
[EventDate "2016.10.15"]

1. d4 Nf6 2. c4 d6 3. Nc3 g6 4. g3 Bg7 5. Bg2 O-O 6. Nf3 Nc6 7. O-O Bf5 8. d5
Na5 9. Nd2 c6 10. e4 Bg4 11. Qc2 cxd5 12. cxd5 Rc8 13. Qd3 a6 14. h3 Bd7 15. Nf3
b5 16. Nd4 Qc7 17. Nce2 e5 18. dxe6 fxe6 19. Bd2 Nc4 20. b3 Nxd2 21. Qxd2 e5 22.
Rfc1 Qb7 23. Nc2 Nxe4 24. Qd3 d5 25. Nb4 Rxc1+ 26. Rxc1 Be6 27. Bxe4 dxe4 28.
Qd6 Qf7 29. Qb6 Bxh3 30. Qe3 Bh6 0-1

[Event "Chigorin Memorial 2016"]
[Site "St Petersburg RUS"]
[Date "2016.10.19"]
[Round "5.89"]
[White "Malinovsky, Ilya"]
[Black "Rakhmangulova, Anastasiya"]
[Result "1/2-1/2"]
[BlackTitle "WIM"]
[WhiteElo "2053"]
[BlackElo "2251"]
[WhiteFideId "24146374"]
[BlackFideId "14117479"]
[EventDate "2016.10.15"]

1. e4 c6 2. d4 d5 3. exd5 Qxd5 4. Nc3 Qd6 5. Bc4 Nf6 6. Nge2 Bg4 7. f3 Bf5 8.
O-O e6 9. Bf4 Qd8 10. Qd2 Nbd7 11. Ng3 Bg6 12. Nce4 Nb6 13. Nxf6+ gxf6 14. Bb3
Nd5 15. Bh6 Bxh6 16. Qxh6 Qb6 17. c3 O-O-O 18. Kh1 Rhg8 19. Ne4 f5 20. Bxd5 fxe4
21. Bxe4 Qxb2 22. Qc1 Qe2 23. Qe1 Qc4 24. Rf2 Rge8 25. Rb1 Rd7 26. Rb4 Qa6 27.
Rfb2 Bxe4 28. fxe4 e5 29. h3 Qd3 30. d5 cxd5 31. Qf2 dxe4 32. Qxa7 Qf1+ 33. Kh2
Qf4+ 34. g3 Rd2+ 35. Rxd2 Qxd2+ 36. Kg1 Qe1+ 37. Kg2 Qe2+ 38. Kg1 Qe1+ 39. Kg2
Qe2+ 40. Kg1 Qe1+ 1/2-1/2

[Event "Chigorin Memorial 2016"]
[Site "St Petersburg RUS"]
[Date "2016.10.19"]
[Round "5.90"]
[White "Sinitsina, Anastassia"]
[Black "Stukalov, Alexander"]
[Result "0-1"]
[WhiteTitle "WCM"]
[BlackTitle "FM"]
[WhiteElo "2047"]
[BlackElo "2243"]
[WhiteFideId "4504640"]
[BlackFideId "4157486"]
[EventDate "2016.10.15"]

1. e4 d6 2. d4 Nf6 3. Nc3 Nbd7 4. Nf3 e5 5. Bc4 Be7 6. a4 O-O 7. O-O c6 8. h3 b6
9. Qe2 a6 10. Rd1 Qc7 11. Ba2 Rb8 12. Be3 b5 13. axb5 axb5 14. b4 h6 15. d5 c5
16. Nxb5 Ba6 17. Bc4 Bxb5 18. Bxb5 Nxe4 19. Qc4 Nc3 20. Qxc3 Rxb5 21. bxc5 Nxc5
22. Nd2 Rc8 23. Qc4 Qd7 24. Ra7 Qxa7 25. Qxb5 Qa4 26. Qxa4 Nxa4 27. c4 Nb2 28.
Rc1 f5 29. Rc2 Nd3 30. Nb3 Nb4 31. Rc1 Kf7 32. Kf1 Ra8 33. Bd2 Ra4 34. Ra1 Rxa1+
35. Nxa1 Nd3 36. Nb3 Bd8 37. Ba5 Bxa5 38. Nxa5 e4 39. g3 g5 40. Ke2 f4 41. Nb3
Kf6 42. Nd2 Ke5 43. Nb3 Nb2 44. Na5 Kd4 45. Nc6+ Kxc4 46. Ne7 Nd3 47. Nf5 Kxd5
48. Nxh6 Ne5 49. gxf4 gxf4 50. Nf5 Nf3 51. Kf1 Ke5 52. Ne7 Nh4 53. Ke2 d5 54.
Nc6+ Kf6 55. Kd2 Nf5 56. Kc3 Kg5 57. Nd8 f3 58. Ne6+ Kh4 59. Kd2 d4 60. Nf4 e3+
61. Ke1 Kg5 62. Ne6+ Kf6 63. Nc5 Nh4 64. Ne4+ Ke5 65. Ng3 Ng2+ 0-1

[Event "Chigorin Memorial 2016"]
[Site "St Petersburg RUS"]
[Date "2016.10.19"]
[Round "5.91"]
[White "Muhtarov, Leonid"]
[Black "Chernyak, Viktoria"]
[Result "0-1"]
[BlackTitle "WFM"]
[WhiteElo "2044"]
[BlackElo "2238"]
[WhiteFideId "14101017"]
[BlackFideId "24165956"]
[EventDate "2016.10.15"]

1. Nf3 c5 2. g3 Nc6 3. Bg2 d5 4. O-O Nf6 5. d3 e5 6. Nbd2 Be7 7. e4 Be6 8. exd5
Nxd5 9. Re1 f6 10. c3 Qd7 11. d4 cxd4 12. cxd4 exd4 13. Nb3 O-O 14. Nfxd4 Bf7
15. Ne6 Bxe6 16. Rxe6 Rad8 17. Re2 Nc3 18. Qxd7 Nxe2+ 19. Kf1 Nxg3+ 20. hxg3
Rxd7 21. Be3 f5 22. Rc1 Ne5 23. Bxa7 Nd3 24. Rd1 Rfd8 25. Bb6 Nxb2 26. Re1 Ra8
27. Bd4 Na4 28. Rc1 Ba3 29. Rc4 Bb2 30. Rxa4 Rxa4 31. Bxb2 Rxa2 32. Bd4 Ra3 33.
Ke2 Rxb3 34. Be3 Kf7 35. Bh3 Kf6 36. g4 fxg4 37. Bxg4 Re7 38. Bf3 g5 39. Bd5
Rbxe3+ 40. fxe3 h5 41. Kf3 Ke5 42. e4 g4+ 0-1

[Event "Chigorin Memorial 2016"]
[Site "St Petersburg RUS"]
[Date "2016.10.19"]
[Round "5.92"]
[White "Siagodnik, Anton"]
[Black "Dmitriev, Vladimir"]
[Result "1-0"]
[WhiteTitle "FM"]
[WhiteElo "2235"]
[BlackElo "2081"]
[WhiteFideId "13505963"]
[BlackFideId "4175069"]
[EventDate "2016.10.15"]

1. Nf3 d5 2. g3 Nf6 3. Bg2 c6 4. O-O Nbd7 5. d4 e6 6. Nbd2 Bd6 7. c4 Ne4 8. Nxe4
dxe4 9. Ng5 Nf6 10. Nxe4 Nxe4 11. Bxe4 h5 12. h4 f5 13. Bg2 f4 14. Qd3 O-O 15.
Bd2 Bd7 16. e4 fxg3 17. fxg3 e5 18. Rxf8+ Kxf8 19. Bg5 Qe8 20. c5 Be7 21. Rf1+
Kg8 22. Qb3+ Kh7 23. Bxe7 Qxe7 24. Qf7 Qxf7 25. Rxf7 Be8 26. Rxb7 exd4 27. Kf2
a5 28. Ke2 a4 29. Kd3 a3 30. b3 Kg6 31. Kxd4 Rd8+ 32. Ke3 Rd1 33. e5 Re1+ 34.
Kf4 Re2 35. Be4+ Kh6 36. Rb8 1-0

[Event "Chigorin Memorial 2016"]
[Site "St Petersburg RUS"]
[Date "2016.10.19"]
[Round "5.93"]
[White "Markovic, Vojislav"]
[Black "Lazhevskaya, Zhanni"]
[Result "1/2-1/2"]
[WhiteTitle "FM"]
[WhiteElo "2233"]
[BlackElo "2065"]
[WhiteFideId "904198"]
[BlackFideId "4143981"]
[EventDate "2016.10.15"]

1. e4 e5 2. Nf3 Nc6 3. Bc4 Nf6 4. d3 d5 5. exd5 Nxd5 6. O-O Bc5 7. Qe1 f6 8. Be3
Nxe3 9. fxe3 Qe7 10. Nc3 Be6 11. Nd5 Bxd5 12. Bxd5 Qd7 13. Bxc6 Qxc6 14. d4 Bb6
15. c3 O-O-O 16. a4 a6 17. Qg3 g5 18. Nd2 h5 19. Qf3 exd4 20. Qxc6 bxc6 21. exd4
c5 22. Nc4 cxd4 23. Nxb6+ cxb6 24. cxd4 Rd6 25. Rac1+ Kd7 26. Rc4 Re8 27. b4 Re4
28. b5 a5 29. Rd1 f5 30. Kf2 Ke6 31. d5+ Rxd5 32. Rc6+ Ke5 33. Rxd5+ Kxd5 34.
Rxb6 Rxa4 35. Rf6 Ra2+ 36. Kf1 Ke5 37. Ra6 Kf4 38. Ra8 h4 39. b6 Rb2 40. Rxa5
Rxb6 41. Ra4+ Ke5 42. Ra5+ Kf6 43. h3 1/2-1/2

[Event "Chigorin Memorial 2016"]
[Site "St Petersburg RUS"]
[Date "2016.10.19"]
[Round "5.94"]
[White "Petrochenko, Maria"]
[Black "Cherednichenko, Dmitrij"]
[Result "0-1"]
[BlackTitle "FM"]
[WhiteElo "2037"]
[BlackElo "2231"]
[WhiteFideId "24161420"]
[BlackFideId "44111436"]
[EventDate "2016.10.15"]

1. d4 f5 2. c4 Nf6 3. g3 g6 4. Bg2 Bg7 5. Nc3 d6 6. Nf3 O-O 7. O-O Qe8 8. Bf4
Nh5 9. Nd5 Na6 10. Bg5 Rf7 11. Qd2 c6 12. Nc3 e5 13. Bh6 e4 14. Ne1 Nf6 15. Bxg7
Kxg7 16. Nc2 d5 17. cxd5 cxd5 18. f3 Be6 19. fxe4 fxe4 20. Rac1 Qd7 21. Ne3 Raf8
22. a3 h5 23. h4 Nc7 24. Rf4 Nce8 25. Rcf1 Nd6 26. b3 Nc8 27. Na4 b6 28. Nc3 Ne7
29. Re1 Ng4 30. Rxf7+ Rxf7 31. Nxg4 Bxg4 32. Rf1 Rxf1+ 33. Bxf1 Qd6 34. Qf4 Qxf4
35. gxf4 Kf6 36. Kf2 Ke6 37. e3 Nf5 38. Nb5 a5 39. Nc7+ Kd6 40. Ne8+ Kc6 41. Nf6
Bd1 42. b4 Nxh4 43. b5+ Kd6 44. Ne8+ Kd7 45. Nf6+ Ke6 46. Nh7 Bb3 47. Nf8+ Ke7
48. Nh7 Nf5 49. Ng5 Nd6 0-1

[Event "Chigorin Memorial 2016"]
[Site "St Petersburg RUS"]
[Date "2016.10.19"]
[Round "5.95"]
[White "Saidov, Bilukhadzh"]
[Black "Yanko, Ivan"]
[Result "1-0"]
[WhiteElo "2230"]
[BlackElo "2060"]
[WhiteFideId "34165476"]
[BlackFideId "34134716"]
[EventDate "2016.10.15"]

1. d4 Nf6 2. Nf3 g6 3. Bf4 Bg7 4. e3 O-O 5. h3 d6 6. Nbd2 c5 7. c3 Be6 8. Ng5
Bd7 9. Be2 Nc6 10. Ngf3 Re8 11. Bh2 cxd4 12. exd4 e5 13. O-O e4 14. Ne1 d5 15.
Nc2 Ne7 16. Nb3 b6 17. Ba6 Bc8 18. Bb5 Bd7 19. a4 Nf5 20. Qe2 a5 21. Ne3 Re6 22.
Be5 Bc8 23. c4 Bb7 24. c5 Nd7 25. Bxg7 Kxg7 26. Rac1 Rc8 27. cxb6 Rxc1 28. Rxc1
Nxb6 29. Nxf5+ gxf5 30. Nc5 Re7 31. Qd2 Bc8 32. Qg5+ Kh8 33. Qf6+ Kg8 34. Rc3 f4
35. Qxf4 f5 36. Qg5+ 1-0

[Event "Chigorin Memorial 2016"]
[Site "St Petersburg RUS"]
[Date "2016.10.19"]
[Round "5.96"]
[White "Artamonov, Valery"]
[Black "Kulagin, Sergey"]
[Result "1/2-1/2"]
[WhiteElo "2223"]
[BlackElo "2054"]
[WhiteFideId "24100480"]
[BlackFideId "4193253"]
[EventDate "2016.10.15"]

1. c4 b6 2. Nc3 Bb7 3. e4 e6 4. Nf3 Bb4 5. Bd3 Ne7 6. O-O O-O 7. Re1 Bxc3 8.
dxc3 f5 9. Bg5 fxe4 10. Bxe4 Bxe4 11. Rxe4 Nbc6 12. Qd3 Qe8 13. Rae1 Nf5 14. Bf4
Rc8 15. h3 Nd8 16. Re5 Ne7 17. Bc1 d6 18. R5e4 Ng6 19. Ng5 e5 20. f4 h6 21. Nf3
Nc6 22. g4 Qf7 23. f5 Nge7 24. Rf1 d5 25. cxd5 Nxd5 26. Nxe5 Nxe5 27. Rxe5 Rcd8
28. Rd1 c6 29. Qf3 Nf6 30. Rde1 Qc4 31. b3 Rd3 32. bxc4 Rxf3 33. R5e3 Rxe3 34.
Bxe3 Re8 35. Kf1 Kf7 36. Ke2 Ne4 37. Kd3 Ng5 38. c5 b5 39. Re2 Rd8+ 40. Kc2 Re8
41. h4 Nf3 42. h5 Re4 43. Kd3 Rxg4 44. Bd4 Ng5 45. a4 Rg3+ 46. Be3 bxa4 47. Ra2
Kf6 48. Rxa4 Kxf5 49. Rxa7 Ne6 50. Rf7+ Ke5 51. Ke2 Ke4 52. Bd2 Rg2+ 53. Kd1
Nxc5 54. Rf4+ Ke5 55. Rc4 Ne4 56. Be3 Rg3 57. Ke2 Rg2+ 58. Kd3 Nf2+ 59. Bxf2
Rxf2 60. Rxc6 Kd5 1/2-1/2